[Event "Hannover"]
[Site "Hannover"]
[Date "1991.??.??"]
[Round "4"]
[White "Wahls, Matthias"]
[Black "Bischoff, Klaus"]
[Result "1/2-1/2"]
[WhiteElo "2560"]
[BlackElo "2495"]

1.e4 c5 2.Nf3 e6 3.d4 cxd4 4.Nxd4 a6 5.Bd3 d6 6.O-O Nd7 7.c4 Ne5 8.Be2 Nf6
9.Nc3 Be7 10.f4 Ng6 11.Be3 Bd7 12.a4 O-O 13.Nc2  1/2-1/2

[Event "Helsingborg-A"]
[Site "Helsingborg"]
[Date "1991.??.??"]
[Round "?"]
[White "Lind, Jan Olov"]
[Black "Astrom, Goran"]
[Result "1-0"]
[WhiteElo "2295"]
[BlackElo "2325"]

1.e4 c5 2.Nf3 e6 3.d4 cxd4 4.Nxd4 a6 5.Bd3 Nf6 6.O-O Qc7 7.Qe2 d6 8.f4 g6
9.f5 Bg7 10.fxe6 fxe6 11.Bc4 Nc6 12.Be3 Ng4 13.Qxg4 Nxd4 14.Na3 Nxc2 15.Nb5 axb5
16.Bxb5+ Bd7 17.Qxe6+ Kd8 18.Bg5+ Kc8 19.Bxd7+ Qxd7 20.Qxd7+ Kxd7 21.Rf7+ Kc8
22.Rc1 Bd4+ 23.Kf1 Rxa2 24.Rxc2+ Kb8 25.Rc4 Bc5 26.Bf6 Re8 27.Rxh7 Rf8 28.Rh8 Rxh8
29.Bxh8 b5 30.Rc1 Ra4 31.Re1 Rc4 32.g3 Kc7 33.Re2 Kc6 34.Kg2 Bd4 35.Bxd4 Rxd4
36.Rc2+ Kb6 37.Kf3 b4 38.Ke3 Rd1 39.Rd2 Re1+ 40.Kd4 Kc6 41.Rc2+ Kb5 42.Kd5 b3
43.Rd2 Rc1 44.Kxd6 Rc2 45.Rd1 Rxb2 46.e5 Re2 47.e6 b2 48.e7 Kc4 49.Kd7 Rd2+
50.Rxd2 b1=Q 51.e8=Q Qb5+ 52.Ke7 Qg5+ 53.Kf7 Qxd2 54.Qe4+ Kb5 55.Qe5+ Kc6
56.h4 Qd3 57.Qg5 Kd7 58.Qe7+ Kc8 59.Qe6+ Kd8 60.Qe8+ Kc7 61.Qe5+ Kd8 62.Qg5+ Kc8
63.Qxg6 Qf3+ 64.Kg8 Qb3+ 65.Kh8  1-0

[Event "Helsingborg-A"]
[Site "Helsingborg"]
[Date "1991.??.??"]
[Round "?"]
[White "Eriksson, Mats"]
[Black "Ekelund, Peter"]
[Result "1-0"]
[WhiteElo "2260"]
[BlackElo "2310"]

1.e4 c5 2.Nf3 e6 3.d4 cxd4 4.Nxd4 a6 5.Bd3 Bc5 6.Nb3 Ba7 7.Qe2 Nc6 8.Be3 Bxe3
9.Qxe3 Nf6 10.Nc3 e5 11.O-O-O O-O 12.Rd2 d6 13.Be2 Qe7 14.Rhd1 Rd8 15.Qb6 Be6
16.Nd5 Bxd5 17.exd5 Nb8 18.f3 a5 19.Nxa5 Nbd7 20.Qb5 Nc5 21.Kb1 Qc7 22.Nb3 Nfd7
23.Nxc5 Nxc5 24.c4 Ra5 25.Qb4 Rda8 26.b3 R8a6 27.Rb2 Ra3 28.Rc1 Qc8 29.Qd2 Qf5+
30.Qc2 Qf4 31.b4 Nb3 32.Rd1 Nd4 33.Qe4 Nxe2 34.Qxe2 Qxh2 35.c5 Qh6 36.b5 R6a4
37.c6 Qg6+ 38.Qc2 Ra8 39.cxb7 Rb8 40.Ka1 f5 41.Qc8+ Qe8 42.Qxe8+ Rxe8 43.Rc1  1-0

[Event "Helsingborg-B"]
[Site "Helsingborg"]
[Date "1991.??.??"]
[Round "?"]
[White "Hjelm, Niclas"]
[Black "Eriksson, Johan"]
[Result "1-0"]
[WhiteElo "2325"]
[BlackElo "2225"]

1.e4 c5 2.Nf3 e6 3.d4 cxd4 4.Nxd4 a6 5.Bd3 Nf6 6.O-O d6 7.c4 g6 8.Nc3 Bg7
9.Qe2 O-O 10.f4 Qb6 11.Be3 Ng4 12.Qxg4 Bxd4 13.Bf2 Nc6 14.Qe2 Bd7 15.Rad1 Rfe8
16.Bxd4 Qxd4+ 17.Kh1 Qc5 18.e5 d5 19.cxd5 exd5 20.Nxd5 Qxd5 21.Bc4 Nd4 22.Qd3 Qa5
23.Qxd4 Bg4 24.Rde1 Rad8 25.Qe3 b5 26.Bb3 Rd2 27.f5 Bxf5 28.Rxf5 gxf5 29.e6 f6
30.Qa7 Kh8 31.Qf7 Qd8 32.e7 Rxe7 33.Qxe7 Qxe7 34.Rxe7 Rxb2 35.h3 a5 36.Rb7 b4
37.Ra7  1-0

[Event "Herning"]
[Site "Herning"]
[Date "1991.??.??"]
[Round "?"]
[White "Hellers, Ferdinand"]
[Black "Mortensen, Erling"]
[Result "1/2-1/2"]
[WhiteElo "2520"]
[BlackElo "2450"]

1.e4 c5 2.Nf3 e6 3.d4 cxd4 4.Nxd4 a6 5.Bd3 Nf6 6.O-O Qc7 7.f4 Bc5 8.c3 Nc6
9.Kh1 d6 10.Nd2 Bd7 11.N2f3 e5 12.Nb3 Ba7 13.f5 h6 14.Qe1 Ne7 15.Bd2 b5 16.Rc1 Rc8
17.Qg3 Rg8 18.c4 bxc4 19.Rxc4 Qxc4 20.Bxc4 Rxc4 21.Qe1 Bb5 22.Na5 Rxe4 23.Qb1 Kd7
24.Re1 Rxe1+ 25.Qxe1 e4 26.Be3 Bxe3 27.Qxe3 Nxf5 28.Qa7+ Ke6 29.Nd4+ Nxd4
30.Qxd4 Rc8 31.h3 Rc5 32.Nb7 Rd5 33.Qa7 Bd7 34.Nd8+ Ke7 35.Nc6+ Kf8 36.Nb4 Rd2
37.Qe3 Rxb2 38.Qd4 Rb1+ 39.Kh2 Be6 40.Qxd6+ Kg8 41.Nxa6 Bxa2 42.Nc7 Kh7 43.Qe5 Rf1
44.Ne8 Bb1 45.Nd6 Bd3 46.Nf5 Rb1 47.Qe7 e3 48.Nxe3 Re1 49.Qe5 Re2 50.Qf4 Be4
51.Kg1 Ra2 52.g4 Ra1+ 53.Kf2 Ra2+ 54.Ke1 Ra1+ 55.Kd2 Bg6 56.h4 h5 57.gxh5 Nxh5
58.Qd4 Ra3 59.Ke1 Nf6 60.Kf1 Ra5 61.Kg2  1/2-1/2

[Event "CUB-ch"]
[Site "Holguin"]
[Date "1991.??.??"]
[Round "2"]
[White "Arencibia, Walter"]
[Black "Aldama, Degurnay"]
[Result "0-1"]
[WhiteElo "2530"]
[BlackElo "2365"]

1.e4 c5 2.Nf3 e6 3.d4 cxd4 4.Nxd4 a6 5.Bd3 Nf6 6.Nc3 Qc7 7.f4 Bb4 8.O-O Bc5
9.Be3 Nc6 10.Nf5 Qb6 11.Nxg7+ Kf8 12.Bxc5+ Qxc5+ 13.Kh1 Kxg7 14.e5 Ne8 15.Ne4 Qe7
16.Qg4+ Kf8 17.Ng5 f5 18.Bxf5 exf5 19.Qxf5+ Kg8 20.Rae1 d5 21.Qd3 Ng7 22.Qxd5+ Be6
23.Nxe6 Qxe6 24.Qe4 Rf8 25.Rd1 Qg6 26.Qe2 h5 27.Rd6 Qg4 28.Qc4+ Kh7 29.e6 Rhg8
30.h3 Qg6 31.Rd7 Kh8 32.Rf7  0-1

[Event "CUB-ch"]
[Site "Holguin"]
[Date "1991.??.??"]
[Round "6"]
[White "Lugo, Blas"]
[Black "Aldama, Degurnay"]
[Result "1/2-1/2"]
[WhiteElo "2335"]
[BlackElo "2365"]

1.e4 c5 2.Nf3 e6 3.d4 cxd4 4.Nxd4 a6 5.Bd3 Nf6 6.O-O d6 7.f4 Qc7 8.Qe2 Nbd7
9.Kh1 Be7 10.Nc3 b5 11.a4 b4 12.Na2 d5 13.e5 Ne4 14.Bd2 Nxd2 15.Qxd2 Qb6
16.c3 g6 17.Nc1 O-O 18.a5 bxc3 19.bxc3 Qc7 20.Nce2 Nc5 21.Bc2 Bd7 22.Qe3 Rab8
23.Rf3 Rb2 24.Raf1 f5 25.exf6 Bxf6 26.Rg3 Bg7 27.Rgf3 Qxa5 28.h4 Qa2 29.Rc1 Qa5
30.h5 gxh5 31.Ng3 Be8 32.Nxe6 Nxe6 33.Qxe6+ Bf7 34.Qf5 Bg6 35.Qe6+ Bf7 36.Qf5 Bg6
37.Qe6+ Bf7  1/2-1/2

[Event "HUN-chT"]
[Site "HUN"]
[Date "1991.??.??"]
[Round "?"]
[White "Kuklin, Alexander"]
[Black "Waldmann, Ivan"]
[Result "0-1"]
[WhiteElo "2320"]
[BlackElo "2310"]

1.e4 c5 2.Nf3 e6 3.d4 cxd4 4.Nxd4 a6 5.Bd3 d6 6.O-O Nf6 7.c4 Be7 8.Nc3 O-O
9.Qe2 Qc7 10.b3 b5 11.Bb2 bxc4 12.Bxc4 Nbd7 13.Nf3 Bb7 14.Rac1 Qa5 15.Nd2 Rac8
16.f4 d5 17.e5 dxc4 18.exf6 Nxf6 19.Nxc4 Qf5 20.Qe5 Qg6 21.Qe2 Rfd8 22.Rcd1 Bc5+
23.Kh1 Qg4 24.Qxg4 Nxg4 25.Rxd8+ Rxd8 26.h3 Ne3 27.Nxe3 Bxe3 28.Bc1 Rd3 29.Bxe3 Rxc3
30.Rc1 Rxe3 31.Rc7 g5 32.Rxb7 Re1+ 33.Kh2 gxf4 34.Ra7 Re2 35.Rxa6 f3 36.Kg1 Rxg2+
37.Kf1 Rb2 38.Ra4 e5 39.Re4 f6 40.Re3 Rxa2 41.Rxf3 Kf7 42.Ke1 Ke6 43.Kd1 e4
44.Rc3 f5 45.Rc7 f4  0-1

[Event "HUN-ch (Women)"]
[Site "HUN"]
[Date "1991.??.??"]
[Round "?"]
[White "Csoke, Adrienn"]
[Black "Porubszky Angyalosine, Maria A"]
[Result "1-0"]
[WhiteElo "2235"]
[BlackElo "2185"]

1.e4 c5 2.Nf3 e6 3.d4 cxd4 4.Nxd4 a6 5.Bd3 Nf6 6.O-O d6 7.Qe2 Be7 8.f4 O-O
9.c4 Qc7 10.b3 Nbd7 11.Bb2 b6 12.Nd2 Bb7 13.Rae1 Rfd8 14.Kh1 Nf8 15.e5 dxe5
16.fxe5 Ne8 17.Be4 Bb4 18.Rd1 Ng6 19.Bxb7 Qxb7 20.Ne4 Qc7 21.Ng5 Qxe5 22.Qf3 Qf4
23.Qxf4 Nxf4 24.Rxf4 e5 25.Nxf7 exf4 26.Nxd8 Rxd8 27.Rf1 Bd2 28.h3 Be3 29.Nf3 h6
30.Be5 Rd7 31.Re1 Kf7 32.g3 g5 33.gxf4 gxf4 34.Kg2 Ng7 35.Bxg7 Kxg7 36.Re2 Rd1
37.Ne5 Rg1+ 38.Kh2 Rf1 39.Ng4 Bc5 40.Rd2 f3 41.Kg3 h5 42.Nf2 Be3 43.Rc2 Kg6
44.Kxf3 Bc5 45.Rd2 h4 46.Kg2 Ra1 47.Ne4 Be3 48.Rd6+ Kf5 49.Kf3 Bg1 50.Rd5+ Ke6
51.Kg4 Rxa2 52.Kxh4 Rb2 53.Ng5+ Kf6 54.Rd3 Kf5 55.Kh5 Bc5 56.h4 a5 57.Rd5+ Kf6
58.Ne4+ Ke6 59.Kg6 Rg2+ 60.Rg5 Rb2 61.h5 Be3 62.Rb5 Rg2+ 63.Ng5+ Kd7 64.h6 Kc6
65.Rd5 Bc1 66.h7 Bb2 67.Rd8 Rg3 68.Rf8 Rg2 69.Rf5 Bd4 70.Kf7 Rh2 71.Kg8 Rg2
72.Kf8 Rh2 73.Rf7 Rh5 74.Ne6 Be5 75.Kg8  1-0

[Event "HUN-chT"]
[Site "HUN"]
[Date "1991.??.??"]
[Round "?"]
[White "Anka, Emil"]
[Black "Vass, Attila"]
[Result "1-0"]
[WhiteElo "2355"]
[BlackElo "2265"]

1.e4 c5 2.Nf3 e6 3.d4 cxd4 4.Nxd4 a6 5.Bd3 Qc7 6.O-O Nc6 7.Nxc6 dxc6 8.f4 Nf6
9.Nd2 Bc5+ 10.Kh1 e5 11.Nc4 Ng4 12.Qe2 Qe7 13.Qe1 b5 14.Ne3 Nxe3 15.Bxe3 Bxe3
16.Qxe3 exf4 17.Qxf4 Be6 18.e5 Rd8 19.a4 Qc5 20.b4 Qd4 21.Be4 Qb6 22.Qf3 O-O
23.Bxc6 Rc8 24.axb5 axb5 25.Bb7 Rc7 26.Be4 Qd4 27.Bd3 Qxe5 28.Ra5 Rb8 29.Bxb5 Qb2
30.Ra8 Rcc8 31.Rxb8 Rxb8 32.c3 Qb3 33.Bc6 Bc4 34.Re1 Rd8 35.h3 Be6 36.Qe3 Qc4
37.Be4 Rc8 38.Rc1 Re8 39.Bd3 Qc6 40.Qe4 Qxe4 41.Bxe4 Bd7 42.Bd5 Kf8 43.Kg1 f6
44.Kf2 Rc8 45.Ke3 Ke7 46.Kd4 Kd6 47.c4  1-0

[Event "HUN-ch (Women)"]
[Site "HUN"]
[Date "1991.??.??"]
[Round "?"]
[White "Madl, Ildiko"]
[Black "Porubszky Angyalosine, Maria A"]
[Result "1-0"]
[WhiteElo "2370"]
[BlackElo "2185"]

1.e4 c5 2.Nf3 e6 3.d4 cxd4 4.Nxd4 a6 5.Bd3 g6 6.f4 d6 7.Qe2 Bg7 8.Nf3 Nc6
9.c3 Nf6 10.O-O d5 11.e5 Nd7 12.Be3 O-O 13.a4 Qc7 14.Nbd2 Ne7 15.Nb3 b6 16.Qf2 Bb7
17.Ng5 Rfe8 18.Qh4 h6 19.Nf3 Nc5 20.Nxc5 bxc5 21.Qf2 Rec8 22.a5 Bf8 23.Kh1 Nf5
24.Bd2 Bc6 25.g4 Ng7 26.f5 exf5 27.gxf5 Bb5 28.Bxb5 axb5 29.fxg6 fxg6 30.Bxh6 Rxa5
31.Rxa5 Qxa5 32.Qg2 Qa6 33.Ng5 Rd8 34.Bxg7 Bxg7  1-0

[Event "HUN-chT"]
[Site "HUN"]
[Date "1991.??.??"]
[Round "?"]
[White "Kuklin, Alexander"]
[Black "Pogats, Jozsef"]
[Result "1/2-1/2"]
[WhiteElo "2320"]
[BlackElo "2305"]

1.e4 c5 2.Nf3 e6 3.d4 cxd4 4.Nxd4 a6 5.Bd3 g6 6.O-O Bg7 7.Nb3 Ne7 8.c4 O-O
9.Nc3 Nbc6 10.Bg5 h6 11.Bh4 g5 12.Bg3 Ne5 13.Be2 N7g6 14.Qd2 b6 15.Rfd1 Bb7
16.Qe3 Rc8 17.c5 b5 18.Rac1 f5 19.exf5 exf5 20.Bxe5 Nxe5 21.f4 gxf4 22.Qxf4 Qg5
23.Qxg5 hxg5 24.Nd5 Rce8 25.Na5 Nc6 26.Nxb7 Rxe2 27.Nb6 Bxb2 28.Kf1 Bxc1
29.Kxe2 Re8+ 30.Kf1 Bf4 31.Rxd7 Re7 32.Rxe7 Nxe7 33.h3 Be3 34.Nd7 Nc6 35.Nd6 f4
36.Ke2 Kh7 37.Kf3 Kg6 38.Ke4 Kh5 39.Kd5 Nb4+ 40.Ke6 Bxc5 41.Nxc5 g4  1/2-1/2

[Event "HUN-chT"]
[Site "HUN"]
[Date "1991.??.??"]
[Round "?"]
[White "Palkovi, Jozsef"]
[Black "Erdelyi, Tamas"]
[Result "1-0"]
[WhiteElo "2460"]
[BlackElo "2320"]

1.e4 c5 2.Nf3 e6 3.d4 cxd4 4.Nxd4 a6 5.Bd3 Nf6 6.O-O d6 7.c3 Nbd7 8.Nd2 g6
9.f4 e5 10.Nc2 exf4 11.Rxf4 Bh6 12.Nc4 Bxf4 13.Bxf4 Ne5 14.Nxe5 dxe5 15.Bxe5 O-O
16.Qf3 Ng4 17.Bd4 f6 18.Bc4+ Kg7 19.Qf4 Qe7 20.Nb4 Be6 21.Bxe6 Qxe6 22.Nd5 Rad8
23.Rf1 Rf7 24.h3 Ne5 25.Nxf6 Nc6 26.e5 Qxa2 27.Rf2 Qc4 28.Qh4 h5 29.Nxh5+ gxh5
30.e6+ Rxd4 31.Rxf7+  1-0

[Event "HUN-chT"]
[Site "HUN"]
[Date "1991.??.??"]
[Round "?"]
[White "Pogats, Jozsef"]
[Black "Kustar, Sandor"]
[Result "0-1"]
[WhiteElo "2305"]
[BlackElo "2230"]

1.e4 c5 2.Nf3 e6 3.d4 cxd4 4.Nxd4 a6 5.Bd3 g6 6.O-O Bg7 7.c3 d6 8.Nd2 Nf6
9.Nc4 Qc7 10.Qe2 Nbd7 11.a4 O-O 12.a5 e5 13.Nb3 d5 14.Ncd2 Re8 15.Bc2 Nf8
16.exd5 Nxd5 17.Qc4 Qd8 18.Ne4 Nf4 19.Bxf4 exf4 20.Rad1 Qh4 21.Nd4 Ne6 22.Nf3 Qe7
23.Rfe1 Bd7 24.Nd6 Red8 25.Be4 Rab8 26.Qb4 Bc6 27.Bxc6 bxc6 28.Qxf4 Nxf4
29.Rxe7 Bf8 30.Ree1 Rxd6 31.Rxd6 Bxd6 32.g3 Nd5 33.Rd1 Bc7  0-1

[Event "HUN-chT"]
[Site "HUN"]
[Date "1991.??.??"]
[Round "?"]
[White "Hazai, Laszlo"]
[Black "Horvath, Tamas"]
[Result "1/2-1/2"]
[WhiteElo "2450"]
[BlackElo "2410"]

1.e4 c5 2.Nf3 e6 3.d4 cxd4 4.Nxd4 a6 5.Bd3 Nf6 6.O-O d6 7.c4 Qc7 8.Nc3 Be7
9.Kh1 Nc6 10.Be3 Nd7 11.Nxc6 bxc6 12.f4 O-O 13.Qh5 g6 14.Qh3 f5 15.g4 Bf6
16.Rg1 Bxc3 17.bxc3 c5 18.gxf5  1/2-1/2

[Event "Katowice op"]
[Site "Katowice"]
[Date "1991.??.??"]
[Round "5"]
[White "Maryasin, Boris"]
[Black "Tunik, Gennady"]
[Result "0-1"]
[WhiteElo "2400"]
[BlackElo "2445"]

1.e4 c5 2.Nf3 e6 3.d4 cxd4 4.Nxd4 a6 5.Bd3 Nf6 6.O-O Qc7 7.c4 d6 8.b3 Nbd7
9.Qe2 g6 10.Bb2 Bg7 11.f4 O-O 12.Nd2 e5 13.Nc2 exf4 14.Kh1 Nh5 15.Bxg7 Kxg7
16.Nb4 Ndf6 17.Nd5 Nxd5 18.exd5 Bd7 19.Ne4 Rae8 20.Qb2+ f6 21.Qa3 Bf5 22.Qxd6 Qxd6
23.Nxd6 Bxd3 24.Rfe1 Re5 25.Nxb7 Rfe8 26.Rxe5 fxe5 27.Nc5 e4 28.d6 Kf7 29.Kg1 Nf6
30.Rd1 Ng4 31.Nxd3 exd3 32.d7 Rd8 33.Rxd3 Ke6 34.h3 Ne5 35.Rd5 Rxd7 36.Ra5 Rd1+
37.Kf2 Rd2+ 38.Kf1 Kf5 39.Rxa6 f3 40.gxf3 Nxf3  0-1

[Event "Kemerovo"]
[Site "Kemerovo"]
[Date "1991.??.??"]
[Round "?"]
[White "Bashkov, Viacheslav"]
[Black "Kozlov, Oleg"]
[Result "1-0"]
[WhiteElo "2410"]
[BlackElo "2395"]

1.e4 c5 2.Nf3 e6 3.d4 cxd4 4.Nxd4 a6 5.Bd3 Nc6 6.Nxc6 dxc6 7.O-O e5 8.Nd2 Ne7
9.Nc4 Ng6 10.Be3 Be6 11.Nb6 Rb8 12.Bc4 Bxc4 13.Nxc4 Be7 14.Bb6 Qd7 15.Qxd7+ Kxd7
16.Rad1+ Ke6 17.g3 Rhe8 18.f4 exf4 19.gxf4 f5 20.e5 Nf8 21.Nd6 Bxd6 22.Rxd6+ Kf7
23.Kg2 Re6 24.Rfd1 Rxd6 25.Rxd6 Ne6 26.Kf3 Re8 27.h4 g6 28.Ba5 Re7 29.Bd8 Nxd8
30.Rxd8 Rc7 31.Ke3 Ke7 32.Rd6 Rd7 33.Rxd7+ Kxd7 34.b4 Ke6 35.Kd4 h6 36.a4  1-0

[Event "Kemerovo"]
[Site "Kemerovo"]
[Date "1991.??.??"]
[Round "?"]
[White "Bashkov, Viacheslav"]
[Black "Anikaev, Yuri N"]
[Result "1/2-1/2"]
[WhiteElo "2410"]
[BlackElo "2415"]

1.e4 c5 2.Nf3 e6 3.d4 cxd4 4.Nxd4 a6 5.Bd3 Nf6 6.O-O d6 7.c4 Be7 8.Nc3 O-O
9.b3 b6 10.Bb2 Bb7 11.Qe2 Nc6 12.Nxc6 Bxc6 13.f4 Nd7 14.Rad1 b5 15.Nd5 bxc4
16.Nxe7+ Qxe7 17.Bxc4 Rfd8 18.Kh1 Nc5 19.Qg4 Qf8 20.f5 e5 21.Bd5 Rac8 22.Ba3 Nb7
23.f6 Bxd5 24.Rxd5 Rc2 25.Rxe5 g6 26.Re7 Rxa2 27.Bb4 a5 28.Rxb7 axb4 29.Rxb4 Rc8
30.h3 Rcc2 31.Rc4 Rxg2 32.Qxg2 Rxg2 33.Kxg2 h5 34.Rd4 Qe8  1/2-1/2

[Event "JUG-ch"]
[Site "Kladovo"]
[Date "1991.??.??"]
[Round "7"]
[White "Organdziev, Oliver"]
[Black "Popov, Sinisa"]
[Result "0-1"]
[WhiteElo "2320"]
[BlackElo "2305"]

1.e4 c5 2.Nf3 e6 3.d4 cxd4 4.Nxd4 a6 5.Bd3 e5 6.Nb3 h6 7.O-O Nf6 8.f4 d6
9.Nc3 Be7 10.Nd5 Nxd5 11.exd5 O-O 12.c4 Nd7 13.Kh1 Bf6 14.Be3 Re8 15.Qh5 e4
16.Bc2 Bxb2 17.Rab1 Bc3 18.f5 b5 19.c5 dxc5 20.Rbd1 c4 21.Nd4 Bb7 22.Ne6 Qf6
23.Nc7 Rac8 24.Nxe8 Rxe8 25.Qg4 Qd6 26.Bf4 Qf6 27.Qg3 Nb6 28.d6 Nd7 29.h3 Kh8
30.Rf2 Bd4 31.Re2 Bc5 32.a3 Qxf5 33.Rde1 Nf6 34.Be3 Nh5 35.Qg4 Qxg4 36.hxg4 Ng3+
37.Kh2 Bxd6 38.Rf2 Nf1+ 39.Kh1 Nxe3 40.Rxe3 Bc5 41.Rxf7 Bxe3 42.Rxb7 Bd2
43.Bd1 e3 44.Be2 c3 45.Rc7 a5 46.g5 hxg5 47.Rc5 b4 48.axb4 axb4 49.Rxg5 g6  0-1

[Event "JUG-ch"]
[Site "Kladovo"]
[Date "1991.??.??"]
[Round "11"]
[White "Brenjo, Slavisa"]
[Black "Strikovic, Aleksa"]
[Result "0-1"]
[WhiteElo "2320"]
[BlackElo "2495"]

1.e4 c5 2.Nf3 e6 3.d4 cxd4 4.Nxd4 a6 5.Bd3 Nf6 6.O-O d6 7.Kh1 g6 8.f4 Bg7
9.Nf3 Nbd7 10.Nc3 Qc7 11.Qe1 O-O 12.Qh4 b5 13.a3 Bb7 14.Bd2 Rfe8 15.Rae1 e5
16.fxe5 dxe5 17.Bh6 Nh5 18.Bxg7 Kxg7 19.Be2 h6 20.Rf2 Qd8 21.Rd1 Qxh4 22.Nxh4 Nhf6
23.Rdf1 Re7 24.Bd3 Rd8 25.Kg1 Ne8 26.Nf3 f6 27.Rd1 Nc5 28.Rfd2 f5 29.b4 Nxd3
30.cxd3 Rc8 31.Ne2 fxe4 32.dxe4 Bxe4 33.Rd7 Rxd7 34.Rxd7+ Kf6 35.Nd2 Bf5
36.Rd5 Ke6 37.Rc5 Rxc5 38.bxc5 Kd5 39.Kf2 Kxc5 40.h3 Nd6  0-1

[Event "Krumbach op"]
[Site "Krumbach"]
[Date "1991.??.??"]
[Round "2"]
[White "Joecks, Christian"]
[Black "Dankert, Peter"]
[Result "1/2-1/2"]
[WhiteElo "2355"]
[BlackElo "2235"]

1.e4 c5 2.Nf3 e6 3.d4 cxd4 4.Nxd4 a6 5.Bd3 Bc5 6.Nb3 Ba7 7.c4 d6 8.O-O Ne7
9.Qe2 Nbc6 10.Be3 Bxe3 11.Qxe3 e5 12.Nc3 O-O 13.Rfd1 Be6 14.Bf1 Qb8 15.a4 f5
16.Qd2 Rd8 17.exf5 Nxf5 18.Bd3 Rf8 19.Bxf5 Bxf5 20.Nd5 Qa7 21.Ne3 Rad8 22.Qc3 Be6
23.Rd2 Qb8 24.Rad1 Kh8 25.Nc1 Qc7 26.Ne2 Qf7 27.f3 Qc7 28.Kh1 a5 29.Nd5 Qf7
30.Ne3 Qc7 31.Nd5 Qf7  1/2-1/2

[Event "Krumbach op"]
[Site "Krumbach"]
[Date "1991.??.??"]
[Round "9"]
[White "Payen, Arnaud"]
[Black "Dankert, Peter"]
[Result "1/2-1/2"]
[WhiteElo "2215"]
[BlackElo "2235"]

1.e4 c5 2.Nf3 e6 3.d4 cxd4 4.Nxd4 a6 5.Bd3 g6 6.O-O Bg7 7.Nb3 d6 8.Qe2 Nf6
9.c4 O-O 10.Nc3 Qc7 11.Bd2 b6 12.Rae1 Bb7 13.f4 Nc6 14.a3 Rac8 15.Kh1 Nd7
16.Qf2 Rfe8 17.Qh4 Qd8 18.Qh3 f5 19.exf5 gxf5 20.Re3 Nf8 21.Rfe1 Ne7 22.Rg3 Neg6
23.Qh5 Nd7 24.Qe2 Qf6 25.Qf1 Qf7 26.Be3 Nc5 27.Nxc5 bxc5 28.Bd2 Bc6 29.b4 Bf6
30.Re2 Kh8 31.Nd1 Bb7 32.Bc3 Bxc3 33.Nxc3 Qf6 34.Rc2 Ne7 35.h3 Rg8 36.Rxg8+ Rxg8
37.bxc5 dxc5 38.Qe1 Ng6 39.Qe3 Nh4 40.Kh2 Ng6 41.Na4 Be4 42.Re2 e5 43.fxe5 Nxe5
44.Nxc5 Nxc4 45.Qf4 Qd6 46.Qxd6 Nxd6 47.Rd2 Rc8  1/2-1/2

[Event "Las Palmas op"]
[Site "Las Palmas"]
[Date "1991.??.??"]
[Round "4"]
[White "Rodriguez, Blas"]
[Black "Garcia Padron, J."]
[Result "1/2-1/2"]
[WhiteElo "2230"]
[BlackElo "2445"]

1.e4 c5 2.Nf3 e6 3.d4 cxd4 4.Nxd4 a6 5.Bd3 Nc6 6.Be3 Nge7 7.O-O Nxd4 8.Bxd4 Nc6
9.Be3 g6 10.f4 Bg7 11.c3 O-O 12.Na3 b5 13.Nc2 Bb7 14.a4 b4  1/2-1/2

[Event "Lenk op"]
[Site "Lenk"]
[Date "1991.??.??"]
[Round "3"]
[White "Ziatdinov, Raset"]
[Black "Psakhis, Lev"]
[Result "0-1"]
[WhiteElo "2515"]
[BlackElo "2555"]

1.e4 c5 2.Nf3 e6 3.d4 cxd4 4.Nxd4 a6 5.Bd3 Nf6 6.O-O Qc7 7.Be3 Nc6 8.Nxc6 bxc6
9.c4 c5 10.Nc3 Be7 11.f4 d6 12.Qf3 Rb8 13.b3 Bb7 14.Qh3 Nd7 15.Ne2 O-O 16.Rad1 Rbd8
17.Ng3 Nf6 18.Bc1 Rfe8 19.Rde1 Bf8 20.Bb1 g6 21.f5 exf5 22.Bg5 Nxe4 23.Bxd8 Qxd8
24.Nxf5 Nd2 25.Rxe8 Qxe8 26.Qe3 Qxe3+ 27.Nxe3 Nxf1 28.Kxf1 f5 29.Nd5 Kf7
30.Bd3 Ke6 31.Be2 Ke5 32.Bf3 Kd4 33.Ke2 g5 34.h3 a5 35.Kd2 Bc8 36.g4 h5 37.gxh5 g4
38.Bg2 f4 39.hxg4 Bxg4 40.Nf6 f3 41.Bf1 Bf5 42.Nd5 Bh6+ 43.Ke1 Be3 44.Kd1 Bg5
45.Ke1 Bg4 46.h6 Bxh6 47.Nf6 Bf5 48.Kf2 Bb1 49.a3 Bc2 50.Ne8 Bf8 51.Kxf3 Bxb3
52.Nc7 Bxc4 53.Nb5+ Bxb5 54.Bxb5 d5 55.Bc6 c4 56.a4 Bh6 57.Ke2 Kc5  0-1

[Event "Lenk op"]
[Site "Lenk"]
[Date "1991.??.??"]
[Round "5"]
[White "Vogt, Lothar"]
[Black "Gheorghiu, Florin"]
[Result "1/2-1/2"]
[WhiteElo "2510"]
[BlackElo "2495"]

1.e4 c5 2.Nf3 e6 3.d4 cxd4 4.Nxd4 a6 5.Bd3 Nf6 6.O-O d6 7.c4 Be7 8.Nc3 O-O
9.b3 Nbd7 10.Bb2 g6 11.Kh1 Re8 12.f4 e5 13.Nde2 exf4 14.Nxf4 Bf8 15.Bc2 Ne5
16.h3 Bd7 17.Qd2 Bc6 18.Rad1 b5 19.Ncd5 Nxd5 20.Nxd5 Bxd5 21.Qxd5 Qc7 22.Bd3 bxc4
23.Bxc4 Nxc4 24.bxc4 Bg7 25.Bxg7  1/2-1/2

[Event "Lenk op"]
[Site "Lenk"]
[Date "1991.??.??"]
[Round "7"]
[White "Ziatdinov, Raset"]
[Black "Gheorghiu, Florin"]
[Result "1/2-1/2"]
[WhiteElo "2515"]
[BlackElo "2495"]

1.e4 c5 2.Nf3 e6 3.d4 cxd4 4.Nxd4 a6 5.Bd3 Nf6 6.O-O d6 7.Be3 Nbd7 8.Nd2 d5
9.Qe2 Be7 10.c4 dxe4 11.Nxe4 Nxe4 12.Bxe4 Nf6 13.Bc2 Qc7 14.Rad1 O-O 15.Bg5 Ne8
16.Bxe7 Qxe7 17.Rd2 Qc7 18.Rfd1 Nf6 19.Nf3 b5 20.Ne5 bxc4 21.Rd4 Bb7 22.Rxc4 Qe7
23.Nc6 Bxc6 24.Rxc6 a5 25.h3  1/2-1/2

[Event "Leon"]
[Site "Leon"]
[Date "1991.??.??"]
[Round "?"]
[White "Magem Badals, Jorge"]
[Black "Prie, Eric"]
[Result "1-0"]
[WhiteElo "2490"]
[BlackElo "2460"]

1.e4 c5 2.Nf3 e6 3.d4 cxd4 4.Nxd4 a6 5.Bd3 Nf6 6.O-O Qc7 7.Qe2 d6 8.c4 Nbd7
9.b3 g6 10.Bb2 Bg7 11.Nc3 O-O 12.Rad1 b6 13.Bb1 Bb7 14.Rfe1 Rad8 15.f3 Rfe8
16.Qf2 Qb8 17.Nc2 Ba8 18.Ne3 Ne5 19.a4 Rc8 20.Rd2 Bh6 21.Red1 d5 22.cxd5 exd5
23.Ncxd5 Bxd5 24.Nxd5 Nxd5 25.Rxd5 Bg7 26.Qe2 h5 27.f4 Ng4 28.Bxg7 Kxg7 29.h3 Nf6
30.Rd6 Re6 31.e5 Rxd6 32.Rxd6 Ne8 33.Rd1 Nc7 34.Rd7 Ne6 35.Qe4 Kg8 36.Rd6 b5
37.axb5 axb5 38.Kh2 Qa7 39.f5 Ng5 40.Qf4 Qc5 41.Qxg5 Qxe5+ 42.Qg3  1-0

[Event "POR-ch"]
[Site "Lisboa"]
[Date "1991.??.??"]
[Round "8"]
[White "Rocha, Sergio"]
[Black "Fernandes, Antonio"]
[Result "0-1"]
[WhiteElo "2285"]
[BlackElo "2455"]

1.e4 c5 2.Nf3 e6 3.d4 cxd4 4.Nxd4 a6 5.Bd3 Ne7 6.O-O Nbc6 7.Nb3 g6 8.c4 Bg7
9.Nc3 O-O 10.Bg5 Kh8 11.Qe2 f6 12.Be3 d6 13.Na4 f5 14.Nb6 Rb8 15.f3 d5 16.cxd5 exd5
17.Bc5 dxe4 18.Bc4 Qc7 19.Nd5 exf3 20.Rxf3 Nxd5 21.Bxf8 Bxf8 22.Bxd5 Ne5
23.Rc3 Qb6+ 24.Qe3 Qd6 25.Bf3 Bd7 26.Rd1 Qf6 27.Bd5 Bg7 28.h3 b6 29.Nd4 Re8
30.Qd2 g5 31.Nf3 Nxf3+ 32.Bxf3 Ba4 33.Re1 Qd4+ 34.Qxd4 Bxd4+ 35.Kf1 Rxe1+
36.Kxe1 Bxc3+ 37.bxc3 Kg7 38.Kf2 Kf6 39.Ke3 Ke5 40.Be2 a5 41.Bd3 f4+ 42.Kf2 h6  0-1

[Event "Mexico City"]
[Site "Mexico"]
[Date "1991.??.??"]
[Round "10"]
[White "Sisniega, Marcel"]
[Black "Sunye Neto, Jaime"]
[Result "1/2-1/2"]
[WhiteElo "2530"]
[BlackElo "2475"]

1.e4 c5 2.Nf3 e6 3.d4 cxd4 4.Nxd4 a6 5.Bd3 Ne7 6.f4 Nbc6 7.Nf3 g6 8.O-O Bg7
9.c4 O-O 10.Nc3 d5 11.Qe2  1/2-1/2

[Event "Miedzybrodzie op"]
[Site "Miedzybrodzie"]
[Date "1991.??.??"]
[Round "5"]
[White "Ocytko, Andrzej"]
[Black "Ionov, Sergey"]
[Result "0-1"]
[WhiteElo "2305"]
[BlackElo "2515"]

1.e4 c5 2.Nf3 e6 3.d4 cxd4 4.Nxd4 a6 5.Bd3 Ne7 6.O-O Nec6 7.Nb3 Be7 8.Nc3 d6
9.Be3 Nd7 10.f4 O-O 11.Qf3 Nb4 12.Nd4 Nc5 13.Rad1 Nbxd3 14.cxd3 Bd7 15.Rd2 Rc8
16.f5 Bf6 17.Qf2 Qe7 18.g4 Rfe8 19.Nce2 d5 20.fxe6 fxe6 21.Ng3 Rf8 22.Qe2 dxe4
23.Nxe4 Nxe4 24.dxe4 h6 25.Rfd1 Be8 26.Nf3 Qf7 27.e5 Be7 28.Nd4 Qg6 29.Qg2 Bc5
30.Rf2 Rxf2 31.Bxf2 Bxd4 32.Bxd4 Rc2 33.Rd2 Rc1+ 34.Kf2 Bc6 35.Qg3 Qe4 36.Be3 Bb5  0-1

[Event "Miedzybrodzie op"]
[Site "Miedzybrodzie"]
[Date "1991.??.??"]
[Round "10"]
[White "Petelin, A."]
[Black "Agrest, Evgenij"]
[Result "0-1"]
[WhiteElo "2365"]
[BlackElo "2475"]

1.e4 c5 2.Nf3 e6 3.d4 cxd4 4.Nxd4 a6 5.Bd3 d6 6.O-O Nd7 7.c4 Ngf6 8.Nc3 g6
9.Re1 Bg7 10.Bf1 O-O 11.Nc2 Qc7 12.Ne3 b6 13.f3 Bb7 14.Bd2 Nh5 15.Rc1 f5
16.b4 Rae8 17.Qb3 Be5 18.Kh1 Qd8 19.Bd3 Qh4 20.Nf1 Ng3+ 21.Nxg3 Bxg3 22.h3 Ne5
23.Bf1 Bxe1 24.Rxe1 Qf2 25.Qb2 fxe4 26.Nxe4 Bxe4 27.fxe4 Qxe1 28.Bxe1 Rxf1+
29.Kh2 Rxe1 30.Qd4 Re2 31.Kg3 h5 32.Qxd6 Rxe4 33.c5 bxc5 34.bxc5 Rf8 35.c6 h4+
36.Kh2 Rf1 37.Qd2 Ree1 38.Qd8+ Kf7 39.Qc7+ Kf6 40.Qd8+ Kf5 41.Qf8+ Ke4 42.Qb4+ Kd5
43.Qa5+ Kd6 44.Qa3+ Kxc6 45.Qxa6+ Kd7 46.Qb7+ Kd6 47.Qb4+ Kd5 48.Qb5+ Ke4
49.Qb4+ Ke3 50.Qc5+ Kd3 51.Qa3+ Kc2 52.Qb3+ Kc1 53.Qa3+ Kb1 54.Qb3+ Ka1 55.Qc3+ Kxa2
56.Qa5+ Kb3 57.Qb5+ Kc3 58.Qa5+ Kd4 59.Qd8+ Kc5 60.Qe7+ Kd5 61.Qd8+ Kc6 62.Qa8+ Kd7
63.Qa4+ Nc6  0-1